Bananarama: Complete Discography - Statistics

General Stats
  • This quiz has been taken 4 times
  • The average score is 15 of 162
Answer Stats
Album Song % Correct
True Confessions Venus
100%
Deep Sea Skiving Boy Trouble
50%
Bananarama Cruel Summer
50%
True Confessions Do Not Disturb
50%
Masquerade Favourite
50%
Glorious: The Ultimate Collection Feel The Love
50%
Masquerade Forever Young
50%
Deep Sea Skiving (Bonus) He's Got Tact
50%
Exotica If
50%
Wow! I Want You Back
50%
Pop Life Long Train Running
50%
Viva Love Comes
50%
Wow! Love In The First Degree
50%
Masquerade Masquerade
50%
Please Yourself More, More, More
50%
True Confessions More Than Physical
50%
Please Yourself Movin' On
50%
Wow! (Bonus) Mr. Sleaze
50%
Deep Sea Skiving Na Na Hey Hey Kiss Him Goodbye
50%
Now Or Never Now Or Never
50%
Pop Life Preacher Man
50%
Bananarama (Bonus) Push!
50%
Deep Sea Skiving Really Saying Something
50%
Bananarama Robert De Niro's Waiting
50%
True Confessions (Bonus) Scarlett
50%
Pop Life Tripping On Your Love
50%
True Confessions True Confessions
50%
Deep Sea Skiving Young At Heart
50%
True Confessions A Cut Above The Rest
0%
Deep Sea Skiving Aie A Mwana
0%
Pop Life Ain't No Cure
0%
Wow! (Bonus) Amnesia
0%
Please Yourself (Bonus) Another Lover
0%
True Confessions A Trick Of The Night
0%
Singles Baby It's Christmas
0%
Wow! Bad For Me
0%
Masquerade Bad Love
0%
Exotica Boom
0%
Masquerade Brand New
0%
Bananarama (Bonus) Cairo
0%
Exotica Careless Whisper
0%
Deep Sea Skiving Cheers Then
0%
Wow! (Bonus) Clean Cut Boy
0%
Wow! Come Back
0%
Exotica Crazy
0%
In Stereo Dance Music
0%
True Confessions Dance With A Stranger
0%
Deep Sea Skiving Doctor Love
0%
Drama Don't Step On My Groove
0%
Ultra Violet Don't Stop Me Now
0%
Bananarama Dream Baby
0%
Viva Dum Dum Boy
0%
Wow! (Bonus) Ecstasy / Wild Style
0%
Ultra Violet Every Shade Of Blue
0%
Viva Extraordinary
0%
Drama Feel For You
0%
Drama Frequency
0%
True Confessions (Bonus) Ghost
0%
Deep Sea Skiving (Bonus) Girl About Town
0%
Ultra Violet Give In To Me
0%
Please Yourself Give It All Up For Love
0%
Deep Sea Skiving (Bonus) Give Us Back Our Cheap Fares
0%
Exotica Got A Thing For You
0%
In Stereo Got To Get Away
0%
Pop Life (Bonus) Heartless
0%
Viva (Bonus) Here Comes The Rain
0%
Deep Sea Skiving Hey Young London
0%
True Confessions Hooked On Love
0%
Bananarama Hot Line To Heaven
0%
Wow! I Can't Help It
0%
Pop Life I Can't Let You Go
0%
Please Yourself I Could Be Persuaded
0%
Pop Life (Bonus) I Don't Care
0%
Ultra Violet (Bonus) I Found Love
0%
Wow! I Heard A Rumour
0%
Drama I Love The Way
0%
In Stereo I'm On Fire
0%
True Confessions In A Perfect World
0%
In Stereo Intoxicated
0%
Please Yourself Is She Good To You
0%
Pop Life Is Your Love Strong Enough
0%
The Greatest Hits Collection It Ain't What You Do It's The Way That You Do It
0%
In Stereo It's Gonna Be Alright
0%
Bananarama King Of The Jungle
0%
Now Or Never La La Love
0%
Please Yourself Last Thing On My Mind
0%
Please Yourself Let Me Love You One More Time
0%
Masquerade Let's Go Outside
0%
Bananarama Link
0%
Drama (Bonus) Live In The Sun
0%
Bananarama (Bonus) Live Now
0%
In Stereo Looking For Someone
0%
Drama Look On The Floor / Hypnotic Tango
0%
Drama Lovebite
0%
Viva Love Don't Live Here
0%
In Stereo Love In Stereo
0%
The Greatest Hits Collection Love, Truth, And Honesty
0%
Ultra Violet Maybe Next Time
0%
Pop Life Megalomaniac
0%
Drama Middle Of Nowhere
0%
Drama Move In My Direction
0%
Wow! Nathan Jones
0%
Masquerade Need A Little More Time
0%
Deep Sea Skiving (Bonus) No Feelings
0%
Wow! Once In A Lifetime
0%
Please Yourself Only Time Will Tell
0%
Pop Life Only Your Love
0%
In Stereo On Your Own
0%
Pop Life Outta Sight
0%
True Confessions Promised Land
0%
Ultra Violet Prove Your Love
0%
Viva Rapture
0%
True Confessions Ready Or Not
0%
Ultra Violet Rhythm Of Life
0%
True Confessions (Bonus) Riskin' A Romance
0%
Bananarama Rough Justice
0%
Drama Rules Of Attraction
0%
Masquerade Running With The Night
0%
Viva (Bonus) Run To You
0%
True Confessions (Bonus) Set On You
0%
Viva Seventeen
0%
Deep Sea Skiving Shy Boy
0%
Exotica Sleep
0%
Pop Life (Bonus) Some Boys
0%
Wow! Some Girls
0%
Viva S-S-S-Single Bed
0%
Exotica Starz
0%
Bananarama State I'm In
0%
Masquerade Stay Wild
0%
Wow! Strike It Rich
0%
In Stereo Stuff Like That
0%
Glorious: The Ultimate Collection Supernova
0%
Ultra Violet System
0%
Ultra Violet Take Me Away
0%
Ultra Violet Take Me To Your Heart
0%
Viva Tell Me Tomorrow
0%
Deep Sea Skiving (Bonus) Tell Tale Signs
0%
Viva The Runner
0%
Viva (Bonus) The Sound Of Silence
0%
Bananarama (Bonus) The Wild Life
0%
Bananarama Through A Child's Eyes
0%
Ultra Violet Time Out
0%
Viva (Bonus) Tokyo Joe
0%
In Stereo Tonight
0%
True Confessions (Bonus) Too Much Of A Good Thing
0%
Please Yourself (Bonus) Treat Me Right
0%
Viva Twisting
0%
Masquerade Velvet Lies
0%
True Confessions (Bonus) Vicious Circle
0%
Viva (Bonus) Voyage, Voyage
0%
Masquerade Waiting For The Sun To Shine
0%
Drama Waterfall
0%
Viva We've Got The Night
0%
Deep Sea Skiving What A Shambles
0%
Pop Life What Colour R The Skies Where U Live?
0%
Exotica What You Gonna Do
0%
True Confessions (Bonus) White Train
0%
Deep Sea Skiving Wish You Were Here
0%
Please Yourself You'll Never Know What It Means
0%
Please Yourself You're Never Satisfied
0%
Drama Your Love Is Like A Drug
0%
Ultra Violet You've Really Got Something
0%
No matching quizzes found
Score Distribution
Percent of People with Each Score
Percentile by Number Answered
Your Score History
You have not taken this quiz